00889nam a2200217 i 4500001000700000003000900007005001700016008004100033245014100074260005400215300005600269600003300325600003400358600005100392600004400443600004900487650004600536655004000582710002500622852002400647189943ES-MaACL20240131174414.0200203s1999 sp a |||| | spa d00aPlural b: Amalia Avia, Barjola, Bores, Beulas, Chillida ... [et al.] : [exposición] del 9 de diciembre de 1999 al 8 de enero de 2000. aMadrid : bJuan Gris, Galería de Arte, c[1999] a[24] p. : bprinicpalmente il. col. ; c20 x 20 cm.14aAvia, Amalia-vExposiciones.14aBarjola, Juan-vExposiciones.14aBores, Francisco (d1898-1972)-vExposiciones.14aBeulas, José (d1921)-vExposiciones.14aChillida, Eduardo,d1924-2002-vExposiciones 4aPintura española-yS.XX-vExposiciones. 72tgfbneaCatálogos de exposiciones2 aGalería Juan Gris. aES-MaACLj2129-F-41